00868nam a2200205 a 450000100100000000500170001000800410002702000150006804000250008310000320010824501370014026000960027730000340037349000210040749000220042870000430045083000470049395201050054099900170064500004328920201002040807.0140304s2005 sp ac 000 0 spa d a9681670914 aDO-SdBNPbspacBNPHU1 aKapuscinski, Ryszard97091314aLos cinco sentidos del periodista :b(estar, ver, oir, compartir, pensar) /cRyszard Kapuscinski; prólogo Tomás Eloy Martínez. aMadrid :bFondo de Cultura EconómicabFundación Nuevo Periodismo Iberoamericano,c2005. a90 p. :bil., retr. ;c26 cm.1 aNuevo periodismo1 aLibros del taller1 aEloy Martínez, Tomáseprol.970914 0aNuevo PeriodismopLibros del taller970915 001050718MOaGRbGRcCTd2014-03-04iLF1l0o p43289-10r2020-06-25w2020-06-25y1ZNo se presta c42778d42778